00986nam a2200253 a 450000100100000000500170001000800410002702000150006804000250008308200170010810000380012524501430016326000650030630000210037149000140039250000370040650400410044365000470048465000340053183000200056504900090058595201210059499900170071500002427920200930022854.0110125s1997 mx r 000 | spa d a9686898719 aDO-SdBNPbspacBNPHU a370.71bC2321 aCantón Arjona, Valentina94786110a1+1+1 no es igual a 3 :buna propuesta de formación de docentes a partir del reconocimiento del particular /cValentina Cantón Arjona. aMéxico, D. F. :bUniversidad Pedagógica Nacional,c1997. a173 p. ;c22 cm.1 aTextosv6 aIncluye nota al pie de páginas aIncluye referencias bibliográficas 4aFormación profesional de maestros917397 4aCapacitación docente917398 0aTexto;v698561 aBNGR 001054708MOaGRbGRcCTd2011-01-25iLF1l0o370.71 C232p24279-10r2020-06-25w2020-06-25y4ZPréstamo en sala c23773d23773